000 00688nam a2200229Ia 4500
003 GCL
008 140319s9999 xx 000 0 ara d
040 _aGCL /
_cGCL
082 0 4 _a631.662
_bم ن
100 1 _aمصطفى الجبلى
245 1 0 _aنظرة عصرية على الزراعة فى مصر /
_cمصطفى الجبلى
260 _a[S.N] :
_bمؤسسة دار التعاون للطبع والنشر
300 _a310 ص
490 _a
650 0 4 _aمصر
650 0 4 _aالزراعة
650 0 4 _aهندسة الرى
650 0 4 _aالسد العالى
650 0 4 _aالمحاصيل الزراعية
650 0 4 _aاصلاح الاراضى
942 _2ddc
_cBK
999 _c55043
_d55043